Ring In The New Quiz Stats

Quiz Updated Nov 24, 2015

Also try: Trivia Field
Challenge
Share
Tweet
Embed
Score 0/46 Timer 15:00
0 Plays Today
Category Answer % Correct
MoviesHAPPY Gilmore
90.1%
MiscellaneousHAPPY Meal
67.6%
GeographyGoodYEAR
66.5%
SportsNEW Orleans Saints
66.3%
SportsRookie of the YEAR
62.5%
Just For FunHAPPY Hour
61.6%
MoviesThe 40 YEAR Old Virgin
61.6%
MoviesThe Bad NEWs Bears
61%
HistoryThe NEW Deal
58.6%
TelevisionHAPPY Days
58.5%
HolidayHAPPY Holidays
57.5%
LiteratureNEW Moon
57%
The
'Secret'
Message?
HAPPY NEW YEAR
55.3%
MiscellaneousLeap YEAR
52.7%
MusicNEW Kids on the Block
52.2%
ScienceIsaac NEWton
50.6%
LanguageHAPPY birthday
48.7%
ScienceLight-YEAR
48.5%
HolidayNEW Zealand
48.1%
ReligionForty YEARs
45.3%
Just For FunFig NEWton
44%
ReligionNEW Testament
42.2%
TelevisionThe NEW Adventures of Old Christine
39.5%
Category Answer % Correct
MiscellaneousNEWman's Own
37.7%
MusicDon't Worry, Be HAPPY
36.3%
HistorySeven YEARs War
34.7%
Just For FunSeven YEAR Itch
33.1%
GeographyPapua NEW Guinea
32.3%
GeographyHAPPY Valley
26.5%
GamingHAPPY Feet
26.5%
TelevisionYEARdley
25.8%
LanguageNEWspaper
19.1%
Language150 YEARs
18%
LiteratureOne Hundred YEARs of Solitude
14.4%
GamingNEW Vegas
12.5%
HolidayYEAR of the Rabbit
12.4%
EntertainmentHAPPY and Biff
12.2%
EntertainmentSame Time, Next YEAR
12.2%
GamingGame of the YEAR
10.7%
MusicIn the YEAR 2525
10.3%
LiteratureThe HAPPY Hooker
9.4%
EntertainmentWeekly World NEWs
8.6%
ReligionOh HAPPY Day
8.1%
HistoryHAPPY Chandler
5.5%
ScienceHAPPY Mac
5%
SportsHAPPY Hairston
4.3%

You're not logged in!

Compare scores with friends on all Sporcle quizzes.
Sign Up with Email
OR
Log In

You Might Also Like...

Show Comments

Extras

Top Quizzes Today


Score Distribution

Your Account Isn't Verified!

In order to create a playlist on Sporcle, you need to verify the email address you used during registration. Go to your Sporcle Settings to finish the process.